| 000 | 00724cam a2200253I 4500 | ||
|---|---|---|---|
| 001 | 4602803 | ||
| 003 | BD-DhUL | ||
| 005 | 20200315112518.0 | ||
| 008 | 720920s1951 enkabc b 000 0 eng | ||
| 010 | _a52017557 | ||
| 035 | _a(OCoLC)ocm00411107 | ||
| 035 | _a(NNC)4602803 | ||
| 040 |
_aDLC _cBD-DhUL _dSER _dOCL _dUKM |
||
| 082 |
_a954.08 _bDUI |
||
| 098 | _aMT22 | ||
| 100 | 1 |
_aDunbar, George _cSir, _d1878- |
|
| 245 | 1 | 0 |
_aIndia and the passing of empire / _cGeorge Dunbar |
| 260 |
_aLondon : _bNicholson & Watson, _c1951. |
||
| 300 |
_a225 p. : _billus., ports., col. maps (1 fold.) ; _c22 cm. |
||
| 500 | _aIncludes index. | ||
| 504 | _a"References": p. 211-218. | ||
| 651 | 0 |
_aIndia _xHistory. |
|
| 942 |
_2ddc _cBK |
||
| 999 |
_c90015 _d90015 |
||